Znane Parafilie i fetysze - Statystyki

Ogólne statystyki
  • Ten quiz został rozwiązany 14 razy
  • Średni wynik to 3 z 15
Statystyki odpowiedzi
Odpowiedź % Poprawnych
podofilia
79%
pedofilia
57%
nekrofilia
50%
zoofilia
50%
sadomasochizm
21%
ozolagnia
14%
urofilia
14%
akrotomofilia
7%
ekshibicjonizm
7%
froteryzm
7%
gerontofilia
7%
voyeuryzm
7%
worarefilia
7%
autonepiofilia
0%
grawiditofilia
0%
Nie znaleziono quizów pasujących do podanych kryteriów
Rozkład punktacji
Procent ludzi z każdym wynikiem
Percentyl według liczby udzielonych odpowiedzi
Twoja historia wyników
Nie rozwiązałeś tego quizu